Rozpoznaj grę po recenzji Steam #19 - Statystyki

Ogólne statystyki
  • Ten quiz został rozwiązany 5 razy
  • Średni wynik to 6 z 20
Statystyki odpowiedzi
Recenzja Tytuł % Poprawnych
Będę grał w grę Tomb Raider
100%
Moge donieść na chorą córke za to że czyta książki 10/10 Beholder
60%
Drogi Panie Psychologu,Napisałem, że gram dla relaksu. Skłamałem. Rozmawiam z pikselowym dzieckiem. Czuję się jak rodzic, elektryk i Bóg w jednym. Nie spałem od dwóch dni, bo boję się, że jak zasnę, to Niko przestanie istnieć. Czy to normalne? OneShot
60%
Dzień dobry, czy zechcesz podpisać petycję? POSTAL 2
60%
Moi drodzy, bo ograniu 45 minut tego dzieła już napewno zdam matematyke na poziomie 1 klasy, będe umiał bawic się w chowanego ale tylko jako chowający, i będe wiedział by nie biegać po korytarzach, polecam. Baldi's Basics Plus
40%
Fabularnie/Vault-Hunterowo dalej najlepsza dwójka z dodatkami, lecz mechanicznie/audiowizualnie/eksploracyjnie/erpegowo i "gunplayowo" czwórka miażdży wszystko. Polecam. Borderlands® 4
40%
jesli zobaczycie zniszczone budynki bloki burdele i milicje za wami na 100% jestescie w poznaniu plus kto to widzial zeby placic 11 zloty za miesiac zeby pograc z kolega tusk mniej kradnie od was. GeoGuessr Steam Edition
40%
Myślałem że to symulator detektywa Rutkowskiego. Niestety w prologu nie można pałować jako zomowiec. :( L.A. Noire
40%
gimper gimper sraka cie robiła Magin: The Rat Project Stories
40%
Nawet fajne takie bicie disuw Middle-earth™: Shadow of War™
40%
To taki Portal ale bez portali, a zamiast neurotoksyną straszą Cię Starym Testamentem. The Talos Principle
40%
10/10 można narzygać na kolegę, gdy ten robi dwójkę. Abiotic Factor
20%
Ta gra ssie tak bardzo że nawet sam ubisoft nie chce żebyś w nią grał i wywala ci sesję FOR HONOR
20%
trzeba uważać: coś skrzypnie i jest afera na pół lasu Hunt: Showdown 1896
20%
żyją we mnie dwa wilki: jeden jest furraskiem, a drugi rybakiem. obojga polecają tą grę WEBFISHING
20%
Peace and Tranquility. 10/10 A Hat in Time
0%
korwin's yellow submarine Barotrauma
0%
Panowie (i niewykluczone że panie) ze studia wonder potion zrobili must-play dla każdego kto grał w katanę ZERO i uwielbia zapierdalać jak w ULTRAKILL-a. SANABI
0%
WAU that was good SOMA
0%
Misja z mostem na wyspie to jak obrona sklepu z butami podczas protestu afroamerykanów w USA They Are Billions
0%
Nie znaleziono quizów pasujących do podanych kryteriów
Rozkład punktacji
Procent ludzi z każdym wynikiem
Percentyl według liczby udzielonych odpowiedzi
Twoja historia wyników
Nie rozwiązałeś tego quizu